00553nam a2200157Ia 45000010006000000050017000060080041000230410008000640820032000721000042001042450185001462600009003313000039003406500008003796540008003872009320260306172741.0260306t2013||||xx |||||||||||||| ||spa|| aESP a342.211bP35 T. 4 V. 3 L. 3 aPeces-Barba Martínez, GregorioeAUT 0aHistoria de los derechos fundamentales. Tomo IV:bsiglo XX: Volumen 3: libro 3. Nuevos desarrollos del derecho internacional de los derechos humanos. Especial referencia a España c2013 axii, páginas : 1498-2152c24 cm. aGEN aCDE